| 000 | 00744nam a22001937a 4500 | ||
|---|---|---|---|
| 003 | BD-DhUL | ||
| 005 | 20160919133731.0 | ||
| 008 | 160919s2015 bg ||||| |||| 000 0 ben d | ||
| 020 | _a98470339026310 | ||
| 040 |
_aBD-DhUL _cBD-DhUL |
||
| 082 |
_a954.92 _bRAJ |
||
| 100 | 1 | _aরহমান, মুহাম্মদ হাবীবুর | |
| 245 | 1 | 0 |
_aজগন্নাথ হলের সেই ভয়াল রাত / _cমুহাম্মদ হাবীবুর রহমান |
| 260 |
_aঢাকা : _bসাহিত্যমালা, _c২০১৫. |
||
| 300 |
_a৮০ পৃ. ; _c২২ সেমি |
||
| 650 | 0 | _aবাংলাদেশ - ইতিহাস | |
| 650 | 0 | _aBangladesh - History | |
| 942 |
_2ddc _cBK |
||
| 999 |
_c104994 _d104994 |
||